| 000 | 00503nam a2200193Ia 4500 | ||
|---|---|---|---|
| 008 | 151119s9999||||xx |||||||||||||| ||und|| | ||
| 082 | _a791.4 | ||
| 082 | _bGKKV6590 | ||
| 100 | _a"काणेकर, शिरीष" | ||
| 245 | _aकणेकरी | ||
| 260 | _a-- | ||
| 260 | _b-- | ||
| 260 | _c0 | ||
| 600 | _a"काणेकर, शिरीष" | ||
| 630 | _aकणेकरी | ||
| 700 | _a"काणेकर, शिरीष" | ||
| 730 | _aकणेकरी | ||
| 942 | _cBOOK | ||
| 999 |
_c1061410 _d1061407 |
||